| 000 | 01023nac a22003137a 4500 | ||
|---|---|---|---|
| 001 | BR3000058 | ||
| 003 | BR-BrBNA | ||
| 005 | 20240105112801.0 | ||
| 008 | 230509b bl.|||m| |||| 00| 0 por d | ||
| 040 |
_aBR-BrBNA _bpor _cBiblioteca Nacional de Agricultura |
||
| 072 | _aF00; E15; E70 | ||
| 090 | _a0430 BR3000058 | ||
| 110 | 1 |
_aDelegacia do Servico Federal do Algodao no Estado da Paraiba, Joao Pessoa (Brasil) _93037 |
|
| 245 | 1 | _aRelatorio ano de 1929 [Delegacia do Servico Federal do Algodao no Estado da Paraiba, Brasil] | |
| 260 | 3 |
_aJoao Pessoa, PB (Brasil): _c1930. |
|
| 300 | _a73 p. | ||
| 490 |
_aRelatorio - Delegacia do Servico Federal do Algodao no Estado da Paraiba (Brazil) _v _x |
||
| 500 | _a9 illus.; 20 tables | ||
| 650 | _aALGODAO | ||
| 650 | _aPLANTIO | ||
| 650 | _aDESPESA | ||
| 650 | _aRENDIMENTO | ||
| 650 | _aCONTROLE DE QUALIDADE | ||
| 650 | _aEXPORTACAO | ||
| 650 | _aVENDA | ||
| 650 | _aPARAIBA | ||
| 909 |
_a202312 _bLúcia Elande _c55 _dLúcia Elande |
||
| 942 |
_2AGRIS _n0 _cMS |
||
| 999 |
_c260289 _d260289 |
||